[Event "Lukavac op 5th"]
[Site "Lukavac"]
[Date "2016.11.27"]
[Round "6"]
[White "Osmanbegovic, Avdo"]
[Black "Karlovic, Zvonimir"]
[Result "0-1"]
[WhiteElo "2027"]
[BlackElo "1873"]
[PlyCount "110"]
[EventDate "2016.11.24"]
[EventType "swiss"]
[EventRounds "7"]
[EventCountry "BIH"]
[SourceTitle "EXT 2019"]
[Source "ChessBase"]
[SourceDate "2018.10.10"]
[SourceVersion "1"]
[SourceVersionDate "2018.10.10"]
[SourceQuality "1"]

1. e4 e5 2. Nf3 Nf6 3. Nc3 Nc6 4. Bb5 Nd4 5. Ba4 Nxf3+ 6. Qxf3 c6 7. d3 Bb4 8. a3 Bxc3+ 9. bxc3 Qa5 10. Bd2 Qxa4 11. Qg3 Rg8 12. Qxe5+ Kd8 13. 0-0 Qb5 14. Qg3 Qh5 15. e5 Nd5 16. c4 Qe2 17. Rad1 Ne7 18. f4 g6 19. Rde1 Qxd2 20. Rc1 Nf5 21. Qg5+ Kc7 22. Rfd1 h6 23. Qf6 Qxf4 24. Qxf7 Nd4 25. Qxg8 Ne2+ 26. Kh1 Nxc1 27. Qxg6 Ne2 28. d4 Nc3 29. Qd6+ Kd8 30. Re1 Ne4 31. Qb4 Nf2+ 32. Kg1 Ng4 33. Qc3 Qxh2+ 34. Kf1 Qh1+ 35. Ke2 Qxg2+ 36. Kd1 b6 37. Kc1 Ba6 38. e6 dxe6 39. Rxe6 Qf1+ 40. Re1 Qxc4 41. Qf3 Rc8 42. Qxg4 Qd5 43. Qd1 Kc7 44. Re5 Qd6 45. Qf3 Rd8 46. Qg3 Bc4 47. a4 Rd7 48. a5 Kb7 49. Qh3 Qxd4 50. Kb1 Qd1+ 51. Kb2 Qd4+ 52. Qc3 Qxc3+ 53. Kxc3 b5 54. Kb4 a6 55. Kc5 Rd5+ 0-1

[Event "Lukavac op 5th"]
[Site "Lukavac"]
[Date "2016.11.26"]
[Round "4"]
[White "Rakita, Jandrija"]
[Black "Karlovic, Zvonimir"]
[Result "0-1"]
[WhiteElo "1544"]
[BlackElo "1873"]
[PlyCount "118"]
[EventDate "2016.11.24"]
[EventType "swiss"]
[EventRounds "7"]
[EventCountry "BIH"]
[SourceTitle "EXT 2019"]
[Source "ChessBase"]
[SourceDate "2018.10.10"]
[SourceVersion "1"]
[SourceVersionDate "2018.10.10"]
[SourceQuality "1"]

1. e4 e5 2. Nf3 Nf6 3. d4 exd4 4. Nxd4 Nxe4 5. Bd3 Nf6 6. 0-0 d6 7. Bg5 Be7 8. Re1 0-0 9. h3 h6 10. Bh4 Nc6 11. Nxc6 bxc6 12. Qe2 Be6 13. Nc3 Re8 14. Bxf6 Bxf6 15. Qe4 g6 16. Qxc6 Bd7 17. Qc4 c6 18. Rab1 d5 19. Qc5 Kg7 20. Ne2 Qb6 21. Qd6 Rad8 22. Qa3 c5 23. Nc3 Bc6 24. Rxe8 Rxe8 25. Na4 Bxa4 26. Qxa4 Re7 27. Qa6 Qb4 28. Qd6 Re1+ 29. Rxe1 Qxe1+ 30. Bf1 Bd4 31. Qg3 Bxb2 32. Qe3 Qb4 33. g3 a5 34. Bg2 Bd4 35. Qc1 Qc4 36. Qb1 Qe2 37. Qf1 Qxc2 38. Bxd5 a4 39. Kg2 a3 40. Qe1 c4 41. Qf1 c3 42. Bb3 Qd2 43. Qd1 Qxf2+ 44. Kh1 Be5 45. Qg1 Bxg3 46. Qxf2 Bxf2 47. Kg2 Bb6 48. Kf3 f5 49. Bc2 Kf6 50. Ke2 Ke5 51. Kd3 Bd4 52. Kc4 g5 53. Kb3 g4 54. hxg4 fxg4 55. Bd3 g3 56. Bf1 Ke4 57. Kc2 Ke3 58. Bh3 Kf2 59. Kd3 g2 0-1

[Event "Lukavac op 5th"]
[Site "Lukavac"]
[Date "2016.11.24"]
[Round "1"]
[White "Karlovic, Zvonimir"]
[Black "Aleksic, Neven"]
[Result "1/2-1/2"]
[WhiteElo "1873"]
[BlackElo "2131"]
[PlyCount "40"]
[EventDate "2016.11.24"]
[EventType "swiss"]
[EventRounds "7"]
[EventCountry "BIH"]
[SourceTitle "EXT 2019"]
[Source "ChessBase"]
[SourceDate "2018.10.10"]
[SourceVersion "1"]
[SourceVersionDate "2018.10.10"]
[SourceQuality "1"]

1. Nf3 Nf6 2. g3 d5 3. Bg2 e6 4. c4 Be7 5. d4 0-0 6. 0-0 dxc4 7. Ne5 Nc6 8. Bxc6 bxc6 9. Nxc4 c5 10. dxc5 Bxc5 11. Be3 Qe7 12. Qc2 Bb7 13. Nbd2 Rfd8 14. Rfd1 Rd5 15. Nb3 Bxe3 16. Nxe3 Rxd1+ 17. Rxd1 Nd5 18. Nxd5 Bxd5 19. Na5 Rd8 20. Nc6 Bxc6 1/2-1/2